Представление документа в формате RUSMARC

ПолеНазваниеЗначение
  Тип записи a
  Библиографический уровень m
001 Контрольный номер UONB/MAIN/2bc97dd6289045c8abb60c2632c9dcc7
005 Дата корректировки 20260630132814.5
010 Индекс ISBN __
d Цена 20 к.
100 Данные общей обработки __
a Данные общей обработки 20260630d u u0rusy0189 ca
101 Язык документа 0_
a Язык текста rus
102 Страна публикации __
a Страна публикации RU
105 Кодированные данные (монография) __
a Кодированные данные (монография) y z 000yy
200 Заглавие и сведения об ответственности 1_
a Заглавие Хозяйство и право
f Первые сведения об ответственности Р. Шраммлер
203 Вид содержания и тип средства __
a Вид содержания Текст
b Характеристика содержания визуальный
c Тип средства непосредственный
210 Выходные данные 1_
a Место издания С.-Петербургъ
d Дата издания 1907
686 Индексы других классификаций __
2 Код системы rubbk
a Классификационный индекс 87.6
a Классификационный индекс 87.251.1
700 Автор _1
a Фамилия Шраммлер
b Имя (инициалы) Р.
g Полное личное имя Рудольф
801 Источник записи _0
a Страна RU
b Организация Ульяновская ОНБ
c Дата составления 20260630
g Правила каталогизации RCR
801 Источник записи _1
a Страна RU
b Организация Ульяновская ОНБ
c Дата составления 20260630
g Правила каталогизации RCR
901 Тип документа __
t Тип документа m
909 Создатель записи __
a Создатель записи Горбунова
b Дата создания записи 20260630